| 000 | 00410nam a2200169Ia 4500 | ||
|---|---|---|---|
| 008 | 210210b1928 xxu||||| |||| 00| 0 eng d | ||
| 041 | _aeng | ||
| 082 | _a885/25 | ||
| 100 | _aVAMANA | ||
| 245 | _aKAvyalankara: ganganath commentary | ||
| 260 |
_aPUna _bOriental Books _c1928 |
||
| 650 | _aKAvyalankara: | ||
| 650 | _aganganath | ||
| 650 | _acommentary | ||
| 690 | _aSanskrit Criticism | ||
| 906 | _a024505 | ||
| 999 |
_c150029 _d150029 |
||